Lidé v procesu řízení

Na minha lista:
Detalhes bibliográficos
Autor principal: Svozil, Zdeněk
Formato: Livro
Idioma:tcheco
Publicado em: Praha Svépomoc 1985
Tags: Adicionar Tag
Sem tags, seja o primeiro a adicionar uma tag!

MARC

LEADER 00000nam a2200000 4500
001 c104731
005 20041019155132.9
041 0 |a cze 
044 |a CZ 
245 1 0 |a Lidé v procesu řízení  |c Zdeněk Svozil 
264 1 |a Praha  |b Svépomoc  |c 1985 
300 |a 72 s. 
100 1 |a Svozil, Zdeněk